|
|
|
|
| LEADER |
01076nam a2200253 a 4500 |
| 001 |
3400370 |
| 008 |
091227s1989 ii a b 001 0 eng d |
| 010 |
|
|
|a \\\89039056
|
| 020 |
|
|
|a 0803996276 (U.S.)
|
| 020 |
|
|
|a 8170361702 (India)
|
| 040 |
|
|
|a DLC
|c DLC
|d DLC
|d BD-DhAAL
|
| 082 |
0 |
0 |
|a 305.5/52/0954
|2 20
|
| 100 |
1 |
|
|a Navlakha, Suren,
|d 1934-
|
| 245 |
1 |
0 |
|a Elite and social change :
|b a study of elite formation in India /
|c Suren Navlakha.
|
| 260 |
|
|
|a New Delhi ;
|a Newbury Park, Calif. :
|b Sage Publications,
|c 1989.
|
| 300 |
|
|
|a 190 p. :
|b ill. ;
|c 23 cm.
|
| 490 |
0 |
|
|a Studies in social change and development ;
|v no. 5
|
| 504 |
|
|
|a Includes bibliographical references (p. [178]-184) and index.
|
| 541 |
1 |
|
|e 00008197
|
| 650 |
|
0 |
|a Elite (Social sciences)
|z India.
|
| 650 |
|
0 |
|a Social classes
|z India.
|
| 852 |
4 |
|
|a Ayesha Abed Library
|j General shelf
|
| 999 |
|
|
|c 6451
|d 6451
|
| 952 |
|
|
|0 0
|1 0
|2 ddc
|4 0
|6 305_552095400000000_NAV_1989
|7 0
|9 6532
|a BRACUL
|b BRACUL
|c GEN
|d 2009-12-27
|g 0.00
|l 0
|o 305.5520954 NAV
|p 3010008197
|r 2009-12-27
|t 1
|w 2009-12-27
|y BK
|x No price found in the accession register.
|